[Event "Quebec op"]
[Site "Montreal"]
[Date "2011.07.23"]
[Round "1"]
[White "Cote Lalumiere, Tristan"]
[Black "Libersan, Thierry"]
[Result "0-1"]
[WhiteElo "1928"]
[BlackElo "2141"]
[PlyCount "70"]
[EventDate "2011.07.23"]
[EventType "swiss"]
[EventRounds "9"]
[EventCountry "CAN"]
[SourceTitle "EXT 2022"]
[Source "ChessBase"]
[SourceDate "2021.10.06"]
[SourceVersion "1"]
[SourceVersionDate "2021.10.06"]
[SourceQuality "1"]

1. e4 c5 2. Nf3 e6 3. Nc3 Nc6 4. Be2 Nf6 5. 0-0 Qc7 6. d4 cxd4 7. Nxd4 a6 8. Be3 b5 9. Nxc6 dxc6 10. a3 Bb7 11. f4 Rd8 12. Qe1 c5 13. Bf3 Be7 14. Qf2 0-0 15. g4 b4 16. axb4 cxb4 17. g5 bxc3 18. gxf6 Bxf6 19. e5 Be7 20. Bb6 Qc8 21. Bxb7 Qxb7 22. Bxd8 Bxd8 23. Qg2 Qb6+ 24. Kh1 cxb2 25. Rab1 Be7 26. c4 Rb8 27. Rf2 Ba3 28. Rc2 Qc5 29. Qg3 Qc6+ 30. Rg2 Bf8 31. Qc3 Rb4 32. c5 Rb5 33. Kg1 Rxc5 34. Qxb2 Rb5 35. Qa2 Qb6+ 0-1

[Event "Montreal Oasis op"]
[Site "Montreal"]
[Date "2011.02.27"]
[Round "5"]
[White "Cote Lalumiere, Tristan"]
[Black "Chang, Michael"]
[Result "1/2-1/2"]
[WhiteElo "1851"]
[BlackElo "1604"]
[PlyCount "107"]
[EventDate "2011.02.25"]
[EventType "swiss"]
[EventRounds "5"]
[EventCountry "CAN"]
[SourceTitle "EXT 2013"]
[Source "ChessBase"]
[SourceDate "2012.11.22"]
[SourceVersion "1"]
[SourceVersionDate "2012.11.22"]
[SourceQuality "1"]

1. e4 c6 2. d4 d5 3. exd5 cxd5 4. Bd3 Nc6 5. c3 Nf6 6. Bf4 Bg4 7. f3 Bh5 8. Na3 a6 9. Nc2 e6 10. Qe2 Bd6 11. Bg5 Bg6 12. Ne3 Be7 13. g4 Nd7 14. Bf4 b5 15. Bg3 Bxd3 16. Qxd3 h5 17. Ne2 h4 18. Bf2 e5 19. Nxd5 exd4 20. Nxd4 Nde5 21. Qe4 0-0 22. Nxe7+ Qxe7 23. 0-0-0 Nxd4 24. Bxd4 Ng6 25. Qf5 Qc7 26. Be3 b4 27. Bc5 bxc3 28. Bxf8 cxb2+ 29. Kb1 Rxf8 30. Rd7 Qc3 31. Rhd1 Ne5 32. Rd8 Qc7 33. Qg5 f6 34. Qd2 Rxd8 35. Qxd8+ Qxd8 36. Rxd8+ Kh7 37. Kxb2 Nxf3 38. h3 Kg6 39. Rd3 Ng1 40. Kc3 Kg5 41. Kd2 Nxh3 42. Rxh3 Kxg4 43. Rh1 g5 44. Ke2 h3 45. Kf2 f5 46. Rg1+ Kh4 47. Kf3 g4+ 48. Kf4 h2 49. Rc1 g3 50. Rc7 Kh3 51. Rh7+ Kg2 52. a4 a5 53. Rh5 h1Q 54. Rxh1 1/2-1/2

[Event "Montreal Oasis op"]
[Site "Montreal"]
[Date "2011.02.25"]
[Round "1"]
[White "Roy, Myriam"]
[Black "Cote Lalumiere, Tristan"]
[Result "1/2-1/2"]
[WhiteElo "2070"]
[BlackElo "1851"]
[PlyCount "88"]
[EventDate "2011.02.25"]
[EventType "swiss"]
[EventRounds "5"]
[EventCountry "CAN"]
[SourceTitle "EXT 2013"]
[Source "ChessBase"]
[SourceDate "2012.11.22"]
[SourceVersion "1"]
[SourceVersionDate "2012.11.22"]
[SourceQuality "1"]

1. e4 c5 2. Nf3 d6 3. d4 cxd4 4. Nxd4 Nf6 5. Nc3 g6 6. Be2 Bg7 7. Be3 0-0 8. Nb3 Nc6 9. 0-0 a6 10. a4 Be6 11. f4 Na5 12. e5 Ne8 13. Nd4 Bc4 14. Nf3 Rc8 15. b3 Bxe2 16. Nxe2 Nc6 17. Ned4 Qc7 18. Nxc6 Qxc6 19. c4 Nc7 20. Rc1 Rfd8 21. Qe2 Ne6 22. Rfd1 dxe5 23. fxe5 Qe4 24. Qf2 Rd3 25. Rxd3 Qxd3 26. Bg5 Qxb3 27. Qe2 Nxg5 28. Nxg5 Bh6 29. Qd2 Rxc4 30. Rf1 Qb6+ 31. Kh1 Rg4 32. Qd5 Rf4 33. Nf3 Qc6 34. Qd8+ Bf8 35. a5 f6 36. Re1 fxe5 37. Nxe5 Qd6 38. Nd7 Qd4 39. h3 Qf2 40. Rd1 Qe2 41. Nc5 Rf2 42. Qd5+ Rf7 43. Ne6 Qb5 44. Qa2 Rf1+ 1/2-1/2

[Event "Quebec-ch U20"]
[Site "Montreal"]
[Date "2011.02.12"]
[Round "2"]
[White "Cote Lalumiere, Tristan"]
[Black "Manailoiu, Dragos"]
[Result "1/2-1/2"]
[WhiteElo "1884"]
[BlackElo "1503"]
[PlyCount "102"]
[EventDate "2011.02.11"]
[EventType "swiss"]
[EventRounds "5"]
[EventCountry "CAN"]
[SourceTitle "EXT 2013"]
[Source "ChessBase"]
[SourceDate "2012.11.22"]
[SourceVersion "1"]
[SourceVersionDate "2012.11.22"]
[SourceQuality "1"]

1. e4 c5 2. Nf3 Nc6 3. Nc3 Nf6 4. Be2 e6 5. 0-0 d5 6. exd5 exd5 7. d4 Bg4 8. Be3 c4 9. Ne5 Bxe2 10. Qxe2 Be7 11. Rae1 0-0 12. g4 Rc8 13. f4 Ne4 14. Nxc6 Rxc6 15. Nxe4 dxe4 16. Bf2 Bh4 17. g5 Bxf2+ 18. Qxf2 Re8 19. c3 Rce6 20. Re3 f5 21. gxf6 Rxf6 22. Kh1 Qd5 23. Rg1 Kh8 24. Qh4 Rf5 25. Rg2 Re6 26. Reg3 Rf7 27. Rg5 Qd7 28. Qg4 h6 29. Rc5 Rff6 30. d5 Rd6 31. Rc8+ Kh7 32. Qxd7 Rxd7 33. Rxc4 Rxf4 34. Rd4 Rf1+ 35. Rg1 Rf2 36. Rg2 Rf1+ 37. Rg1 Rf2 38. Rxe4 Rxb2 39. c4 Rxa2 40. Rd1 b6 41. d6 Rf2 42. Re7 Rxe7 43. dxe7 Re2 44. Rd7 Kg6 45. Rxa7 Kf6 46. Ra6 Kxe7 47. Rxb6 Rc2 48. Rc6 Kd7 49. Rc5 Kd6 50. Rd5+ Kc6 51. Rd8 Rxc4 1/2-1/2

[Event "Quebec-ch U20"]
[Site "Montreal"]
[Date "2011.02.12"]
[Round "3"]
[White "Zhu, Hong Rui"]
[Black "Cote Lalumiere, Tristan"]
[Result "1-0"]
[WhiteElo "2062"]
[BlackElo "1884"]
[PlyCount "65"]
[EventDate "2011.02.11"]
[EventType "swiss"]
[EventRounds "5"]
[EventCountry "CAN"]
[SourceTitle "EXT 2013"]
[Source "ChessBase"]
[SourceDate "2012.11.22"]
[SourceVersion "1"]
[SourceVersionDate "2012.11.22"]
[SourceQuality "1"]

1. e4 c5 2. Nf3 d6 3. d4 cxd4 4. Nxd4 Nf6 5. Nc3 g6 6. Be3 Bg7 7. f3 Nc6 8. Qd2 0-0 9. Bc4 Bd7 10. 0-0-0 Rc8 11. Bb3 Ne5 12. Kb1 a5 13. a4 Nc4 14. Bxc4 Rxc4 15. b3 Rc8 16. Ndb5 Be6 17. Bh6 Qb6 18. Bxg7 Kxg7 19. g4 Nd7 20. h4 Ne5 21. Rdf1 h6 22. g5 Qc5 23. f4 Nc4 24. bxc4 Bxc4 25. Rf3 Qb4+ 26. Kc1 Bxb5 27. Nxb5 Qxa4 28. Qd4+ Qxd4 29. Nxd4 Rc5 30. c3 e5 31. fxe5 dxe5 32. Ne6+ fxe6 33. gxh6+ 1-0

[Event "Quebec-ch Class"]
[Site "Montreal"]
[Date "2011.01.23"]
[Round "5"]
[White "Libersan, Thierry"]
[Black "Cote Lalumiere, Tristan"]
[Result "1-0"]
[WhiteElo "2112"]
[BlackElo "1880"]
[PlyCount "61"]
[EventDate "2011.01.21"]
[EventType "swiss"]
[EventRounds "5"]
[EventCountry "CAN"]
[SourceTitle "EXT 2013"]
[Source "ChessBase"]
[SourceDate "2012.11.22"]
[SourceVersion "1"]
[SourceVersionDate "2012.11.22"]
[SourceQuality "1"]

1. e4 c5 2. Nf3 d6 3. d4 cxd4 4. Qxd4 Nc6 5. Bb5 Bd7 6. Bxc6 Bxc6 7. Nc3 Nf6 8. Bg5 e6 9. 0-0-0 Be7 10. Qd3 0-0 11. Nd4 Rc8 12. f4 Qb6 13. f5 e5 14. Nde2 Rfd8 15. Bxf6 Bxf6 16. h4 Qa5 17. g4 b5 18. g5 Be7 19. f6 Bf8 20. fxg7 Bxg7 21. Nd5 Bxd5 22. Qxd5 Rc5 23. Qb3 Rdc8 24. Rd2 Rc4 25. Rf1 d5 26. exd5 Rb4 27. Qh3 Rc7 28. d6 Qxa2 29. Qa3 Qxa3 30. bxa3 Rd7 31. axb4 1-0

[Event "Quebec-ch Class"]
[Site "Montreal"]
[Date "2011.01.22"]
[Round "3"]
[White "Cote Lalumiere, Tristan"]
[Black "Gras, Guillaume"]
[Result "0-1"]
[WhiteElo "1880"]
[BlackElo "2127"]
[PlyCount "159"]
[EventDate "2011.01.21"]
[EventType "swiss"]
[EventRounds "5"]
[EventCountry "CAN"]
[SourceTitle "EXT 2013"]
[Source "ChessBase"]
[SourceDate "2012.11.22"]
[SourceVersion "1"]
[SourceVersionDate "2012.11.22"]
[SourceQuality "1"]

1. e4 Nf6 2. Nc3 d5 3. e5 Ne4 4. d4 Nxc3 5. bxc3 c5 6. f4 Nc6 7. Nf3 Bf5 8. Bd3 e6 9. 0-0 Bg4 10. Be3 c4 11. Be2 Qa5 12. Qd2 h6 13. h3 Bf5 14. g4 Be4 15. Ne1 f5 16. exf6 gxf6 17. Bf3 0-0-0 18. Ng2 Bh7 19. Nh4 Ba3 20. Rab1 Rhg8 21. Kh1 Be7 22. Bg2 h5 23. g5 Rdf8 24. Bf3 fxg5 25. fxg5 Qc7 26. Qg2 Rxf3 27. Nxf3 Be4 28. h4 Bd6 29. Qh3 Bf5 30. Qg2 Ne7 31. Kg1 Ng6 32. Ne5 Nxh4 33. Qh2 Ng6 34. Bf4 Nxf4 35. Qxf4 Qd8 36. Rf3 Qxg5+ 37. Qxg5 Rxg5+ 38. Kf2 Bxe5 39. dxe5 h4 40. Ke3 h3 41. Rh1 Kc7 42. Kd4 Kc6 43. Rfxh3 Bxh3 44. Rxh3 Rg4+ 45. Ke3 Re4+ 46. Kd2 Rxe5 47. Rh8 Rf5 48. Re8 Kd7 49. Rb8 Kc7 50. Re8 Re5 51. Re7+ Kc6 52. Re8 a6 53. Rc8+ Kd7 54. Rb8 Kc7 55. Re8 b6 56. Re7+ Kc6 57. a4 b5 58. a5 Kd6 59. Ra7 Rh5 60. Rxa6+ Ke5 61. Rb6 Rh1 62. Rxb5 Ra1 63. Ke3 Ra2 64. Kd2 Ke4 65. Rb6 e5 66. a6 Ra3 67. Rc6 Ra4 68. Rd6 d4 69. cxd4 exd4 70. Re6+ Kd5 71. Rb6 Ra2 72. Kd1 Kc5 73. Rf6 c3 74. Rg6 Kb5 75. Rd6 Kc5 76. Rf6 Ra1+ 77. Ke2 Rc1 78. Kd3 Rd1+ 79. Ke4 Re1+ 80. Kd3 0-1

[Event "Quebec-ch Class"]
[Site "Montreal"]
[Date "2011.01.21"]
[Round "1"]
[White "Rousseau, Daniel"]
[Black "Cote Lalumiere, Tristan"]
[Result "1-0"]
[WhiteElo "2094"]
[BlackElo "1880"]
[PlyCount "51"]
[EventDate "2011.01.21"]
[EventType "swiss"]
[EventRounds "5"]
[EventCountry "CAN"]
[SourceTitle "EXT 2013"]
[Source "ChessBase"]
[SourceDate "2012.11.22"]
[SourceVersion "1"]
[SourceVersionDate "2012.11.22"]
[SourceQuality "1"]

1. e4 c5 2. Nf3 d6 3. d4 cxd4 4. Nxd4 Nf6 5. Nc3 g6 6. Be2 Bg7 7. 0-0 0-0 8. Bg5 Nc6 9. Nb3 a6 10. a4 Be6 11. Kh1 Rc8 12. f4 Nd7 13. Nd2 Nc5 14. f5 Bd7 15. Nd5 h6 16. Bxe7 Nxe7 17. f6 Nxd5 18. fxg7 Kxg7 19. exd5 Qh4 20. Nc4 Ne4 21. Qd4+ Kh7 22. Kg1 Qe7 23. Bd3 f5 24. Rae1 Rfe8 25. Bxe4 fxe4 26. Nxd6 1-0

[Event "Quebec-ch U16"]
[Site "Montreal"]
[Date "2010.11.28"]
[Round "4"]
[White "Cote Lalumiere, Tristan"]
[Black "MacIsaac, Alexandre"]
[Result "1-0"]
[WhiteElo "1889"]
[BlackElo "1738"]
[PlyCount "51"]
[EventDate "2010.11.26"]
[EventType "swiss"]
[EventRounds "5"]
[EventCountry "CAN"]
[SourceTitle "EXT 2013"]
[Source "ChessBase"]
[SourceDate "2012.11.22"]
[SourceVersion "1"]
[SourceVersionDate "2012.11.22"]
[SourceQuality "1"]

1. e4 c5 2. Nf3 e6 3. Nc3 Nc6 4. Be2 Nf6 5. 0-0 d5 6. exd5 exd5 7. d4 Be6 8. Be3 Ng4 9. Bf4 h6 10. Nb5 Rc8 11. dxc5 Bxc5 12. Nfd4 Nxd4 13. Nxd4 Bxd4 14. Bxg4 Bxb2 15. Bxe6 fxe6 16. Qh5+ Kd7 17. Rab1 Qf6 18. Rxb2 Qxb2 19. Qf7+ Kd8 20. Qxe6 Qb5 21. Rd1 Rc5 22. Qd6+ Kc8 23. Qb8+ Kd7 24. Qxh8 Qe2 25. Qxg7+ Kc6 26. Rb1 1-0

[Event "Montreal Transcontinental 3-A"]
[Site "Montreal"]
[Date "2010.10.23"]
[Round "2"]
[White "Cote Lalumiere, Tristan"]
[Black "Morin, Louis"]
[Result "1-0"]
[WhiteElo "1878"]
[BlackElo "1917"]
[PlyCount "59"]
[EventDate "2010.10.22"]
[EventType "tourn"]
[EventRounds "5"]
[EventCountry "CAN"]
[SourceTitle "EXT 2013"]
[Source "ChessBase"]
[SourceDate "2012.11.22"]
[SourceVersion "1"]
[SourceVersionDate "2012.11.22"]
[SourceQuality "1"]

1. e4 e5 2. f4 exf4 3. Nf3 h6 4. Bc4 d6 5. h4 Nf6 6. Nc3 Be7 7. d4 Nh5 8. Nd5 Be6 9. Qd3 Bxd5 10. Bxd5 c6 11. Bb3 Nd7 12. Bd2 Ndf6 13. e5 dxe5 14. Nxe5 0-0 15. 0-0-0 Ng3 16. Rh3 Nfh5 17. Ng6 Bd6 18. Nxf8 Qxf8 19. Qg6 Rd8 20. Be1 Bc7 21. c3 Rd6 22. Qd3 Qd8 23. Bxg3 Nxg3 24. Re1 g6 25. Qc4 Qf6 26. Qc5 b6 27. Qe5 Qxe5 28. dxe5 Rd8 29. e6 fxe6 30. Rxe6 1-0

[Event "Montreal Transcontinental 3-A"]
[Site "Montreal"]
[Date "2010.10.22"]
[Round "1"]
[White "Rivest, Jean Michel"]
[Black "Cote Lalumiere, Tristan"]
[Result "0-1"]
[WhiteElo "1971"]
[BlackElo "1878"]
[PlyCount "98"]
[EventDate "2010.10.22"]
[EventType "tourn"]
[EventRounds "5"]
[EventCountry "CAN"]
[SourceTitle "EXT 2013"]
[Source "ChessBase"]
[SourceDate "2012.11.22"]
[SourceVersion "1"]
[SourceVersionDate "2012.11.22"]
[SourceQuality "1"]

1. e4 c5 2. Nf3 d6 3. d4 cxd4 4. Nxd4 Nf6 5. Nc3 g6 6. Be3 Bg7 7. f3 0-0 8. Qd2 Nc6 9. Bc4 Bd7 10. 0-0-0 Rc8 11. Bb3 Ne5 12. Kb1 a5 13. a3 a4 14. Ba2 b5 15. g4 b4 16. axb4 a3 17. bxa3 Nxf3 18. Nxf3 Rxc3 19. Qxc3 Nxe4 20. Qb3 Nc3+ 21. Kc1 Be6 22. Qxe6 fxe6 23. Bxe6+ Kh8 24. Rdf1 h6 25. Nd4 Kh7 26. Kd2 Ne4+ 27. Ke1 Qa8 28. Rxf8 Bxf8 29. Rf1 Bg7 30. Nb5 Qa4 31. c4 Qb3 32. Ke2 Qc2+ 33. Ke1 Qd3 34. Rf3 Ng5 35. Bxg5 Qxf3 36. Bd5 Qxg4 37. Bxe7 Qg1+ 38. Ke2 Qxh2+ 39. Kd3 Qg3+ 40. Kc2 Qf2+ 41. Kd3 Qf5+ 42. Kd2 Qf4+ 43. Kd3 h5 44. Bxd6 Qf1+ 45. Ke3 h4 46. a4 h3 47. a5 Bh6+ 48. Kd4 Qf2+ 49. Kd3 Qd2+ 0-1

[Event "Quebec-ch Elite"]
[Site "Montreal"]
[Date "2010.10.10"]
[Round "4"]
[White "Zhu, Hong Rui"]
[Black "Cote Lalumiere, Tristan"]
[Result "1/2-1/2"]
[WhiteElo "1935"]
[BlackElo "1880"]
[PlyCount "91"]
[EventDate "2010.10.08"]
[EventType "swiss"]
[EventRounds "7"]
[EventCountry "CAN"]
[SourceTitle "EXT 2013"]
[Source "ChessBase"]
[SourceDate "2012.11.22"]
[SourceVersion "1"]
[SourceVersionDate "2012.11.22"]
[SourceQuality "1"]

1. e4 c5 2. Nf3 d6 3. d4 cxd4 4. Nxd4 Nf6 5. Nc3 g6 6. Be3 Bg7 7. f3 0-0 8. Qd2 Nc6 9. Bc4 Bd7 10. 0-0-0 Rc8 11. Bb3 Ne5 12. Kb1 Nc4 13. Bxc4 Rxc4 14. g4 a5 15. h4 a4 16. h5 Qc7 17. Nde2 Rc8 18. hxg6 fxg6 19. g5 Nh5 20. Nd5 Qd8 21. Rc1 R8c6 22. Bd4 e5 23. Bb6 Qf8 24. Qd3 Rc8 25. Nec3 Be6 26. Be3 Nf4 27. Qd2 Nxd5 28. Nxd5 Bxd5 29. Qxd5+ Qf7 30. Qxf7+ Kxf7 31. Rxh7 a3 32. c3 axb2 33. Kxb2 d5 34. exd5 Kg8 35. Rhh1 e4 36. Bd4 Bxd4 37. cxd4 exf3 38. d6 Rxc1 39. Rxc1 Rd8 40. Rf1 Rxd6 41. Rxf3 Rxd4 42. Rf6 Kg7 43. Rb6 Rd5 44. Rxb7+ Kf8 45. Rb6 Rxg5 46. Kc3 1/2-1/2

[Event "North American-ch U16"]
[Site "Montreal"]
[Date "2010.08.19"]
[Round "7"]
[White "Boni Rowe, Nicolas"]
[Black "Cote Lalumiere, Tristan"]
[Result "1/2-1/2"]
[WhiteElo "1511"]
[BlackElo "1608"]
[PlyCount "72"]
[EventDate "2010.08.16"]
[EventType "swiss"]
[EventRounds "7"]
[EventCountry "CAN"]
[SourceTitle "EXT 2013"]
[Source "ChessBase"]
[SourceDate "2012.11.22"]
[SourceVersion "1"]
[SourceVersionDate "2012.11.22"]
[SourceQuality "1"]

1. e4 c5 2. Nc3 d6 3. g4 e6 4. d3 Nc6 5. h3 Bd7 6. Bg2 a6 7. Nf3 Qc7 8. 0-0 Be7 9. Ne1 0-0-0 10. f4 h5 11. g5 h4 12. f5 b5 13. a3 f6 14. Nf3 Nd4 15. fxe6 Nxf3+ 16. Qxf3 Bxe6 17. e5 d5 18. exf6 gxf6 19. Bf4 Qd7 20. g6 Nh6 21. Rae1 Nf5 22. Bh2 Ng3 23. Bxg3 hxg3 24. Qxg3 Bd6 25. Qf3 Bxh3 26. Nxd5 Bxg2 27. Kxg2 Rh2+ 28. Kg1 Rg8 29. Ne7+ Bxe7 30. Qa8+ Kc7 31. Qxg8 Qg4+ 32. Kxh2 Bd6+ 33. Rf4 Bxf4+ 34. Kh1 Qh4+ 35. Kg2 Qg3+ 36. Kf1 Qf3+ 1/2-1/2

[Event "North American-ch U16"]
[Site "Montreal"]
[Date "2010.08.18"]
[Round "6"]
[White "Cote Lalumiere, Tristan"]
[Black "Wu, Qiyou"]
[Result "0-1"]
[WhiteElo "1608"]
[BlackElo "1704"]
[PlyCount "102"]
[EventDate "2010.08.16"]
[EventType "swiss"]
[EventRounds "7"]
[EventCountry "CAN"]
[SourceTitle "EXT 2013"]
[Source "ChessBase"]
[SourceDate "2012.11.22"]
[SourceVersion "1"]
[SourceVersionDate "2012.11.22"]
[SourceQuality "1"]

1. e4 c5 2. Nf3 d6 3. d4 cxd4 4. Nxd4 Nf6 5. Nc3 g6 6. Be2 Bg7 7. Be3 Nc6 8. 0-0 0-0 9. Kh1 Bd7 10. f4 a6 11. Bf3 Rc8 12. h3 b5 13. a3 Na5 14. g4 Nc4 15. Qc1 Nxe3 16. Qxe3 Ne8 17. Rad1 Rc4 18. Be2 Rc8 19. a4 b4 20. Nd5 a5 21. Bb5 Bxb5 22. Nxb5 Rxc2 23. Rc1 Rxc1 24. Rxc1 Nf6 25. Ndc7 Qb8 26. g5 Nd7 27. Nd5 e6 28. Ne7+ Kh8 29. Rc7 Nc5 30. f5 Nxa4 31. f6 Qxb5 32. Qf4 Qe5 33. Qh4 Qxb2 34. Nxg6+ fxg6 35. Rxg7 Qc1+ 36. Kh2 Qd2+ 37. Kh1 Qd1+ 38. Kh2 Qh5 39. Qf2 Qxg5 40. Rxh7+ Kxh7 41. Qa7+ Kh6 42. Qg7+ Kh5 43. Qxf8 Qf4+ 44. Kg2 Qxe4+ 45. Kh2 Qf4+ 46. Kg2 Nc5 47. f7 Qe4+ 48. Kg3 Qe5+ 49. Kg2 Ne4 50. Qa8 Qg3+ 51. Kf1 Qf2# 0-1

[Event "Quebec op U2000"]
[Site "Montreal"]
[Date "2010.07.31"]
[Round "9"]
[White "Cote Lalumiere, Tristan"]
[Black "Dion, Etienne"]
[Result "1/2-1/2"]
[WhiteElo "1799"]
[BlackElo "1755"]
[PlyCount "136"]
[EventDate "2010.07.24"]
[EventType "swiss"]
[EventRounds "9"]
[EventCountry "CAN"]
[SourceTitle "EXT 2013"]
[Source "ChessBase"]
[SourceDate "2012.11.22"]
[SourceVersion "1"]
[SourceVersionDate "2012.11.22"]
[SourceQuality "1"]

1. e4 e5 2. f4 Qh4+ 3. g3 Qe7 4. fxe5 d6 5. Nc3 dxe5 6. Nf3 Nc6 7. Bc4 Bg4 8. h3 Bd7 9. d3 0-0-0 10. Be3 f6 11. Qe2 Qd6 12. 0-0-0 a6 13. g4 Nd4 14. Qf2 c5 15. Nd5 Ne7 16. c3 Nxd5 17. Bxd5 Qc7 18. Kb1 Nxf3 19. Qxf3 Kb8 20. d4 Bd6 21. Rd2 c4 22. Qf2 Rde8 23. dxe5 Bxe5 24. Bb6 Qc8 25. Rhd1 Bc6 26. Qf5 g6 27. Qxc8+ Rxc8 28. Bxc4 Bxe4+ 29. Bd3 Bc6 30. Bc2 Rhe8 31. Rd8 Rexd8 32. Rxd8 Rxd8 33. Bxd8 Kc8 34. Bb6 Bg3 35. Bb3 Kd7 36. Bg8 h6 37. Be3 Bg2 38. Bxh6 Bxh3 39. Bd5 b5 40. Bf3 Ke6 41. Bb7 a5 42. Be3 Ke5 43. Bd4+ Ke6 44. Bc8+ Ke7 45. Bb6 a4 46. Kc2 f5 47. gxf5 gxf5 48. a3 Kf6 49. b3 axb3+ 50. Kxb3 Bf1 51. a4 bxa4+ 52. Kxa4 Bd6 53. Bd4+ Kg5 54. Bxf5 Kxf5 55. Kb3 Ke4 56. Kc2 Bb5 57. Kb3 Kd3 58. Bf6 Bc4+ 59. Kb2 Bd5 60. Kb1 Kc4 61. Kc2 Bf4 62. Kb2 Bc6 63. Bg7 Ba4 64. Bd4 Bd1 65. Bf6 Kb5 66. Bd4 Ka4 67. Bf6 Bb3 68. Bd4 Bd6 1/2-1/2